La política exterior de Marruecos / (Record no. 13654)
[ view plain ]
| 000 -LEADER | |
|---|---|
| campo de control de longitud fija | 00708nam a2200241 i 4500 |
| 001 - NÚMERO DE CONTROL | |
| campo de control | 13654 |
| 003 - IDENTIFICADOR DE NÚMERO DE CONTROL | |
| campo de control | ES-MaACL |
| 005 - FECHA Y HORA DE LA ÚLTIMA TRANSACCIÓN | |
| campo de control | 20230906150632.0 |
| 007 - CAMPO FIJO DE DESCRIPCIÓN FÍSICA--INFORMACIÓN GENERAL | |
| campo de control de longitud fija | t| |
| 008 - DATOS DE LONGITUD FIJA--INFORMACIÓN GENERAL | |
| campo de control de longitud fija | 971203s1997 sp |||| | spa j |
| 020 ## - NÚMERO INTERNACIONAL ESTÁNDAR DEL LIBRO | |
| Número Internacional Estándar del Libro | 84-7100-677-4 |
| 080 ## - NÚMERO DE LA CLASIFICACIÓN DECIMAL UNIVERSAL | |
| Número de la Clasificación Decimal Universal | 327(64)"1961/..." |
| 100 1# - ENTRADA PRINCIPAL--NOMBRE DE PERSONA | |
| Nombre de persona | Hernando de Larramendi, Miguel. |
| 9 (RLIN) | 63105 |
| 245 13 - MENCIÓN DEL TÍTULO | |
| Título | La política exterior de Marruecos / |
| Mención de responsabilidad, etc. | Miguel Hernando de Larramendi. |
| 260 ## - PUBLICACIÓN, DISTRIBUCIÓN, ETC. | |
| Lugar de publicación, distribución, etc. | Madrid : |
| Nombre del editor, distribuidor, etc. | MAPFRE, |
| Fecha de publicación, distribución, etc. | [1997] |
| 300 ## - DESCRIPCIÓN FÍSICA | |
| Extensión | 471 p. ; |
| Dimensiones | 23 cm. |
| 490 1# - MENCIÓN DE SERIE | |
| Mención de serie | El Magreb ; |
| Designación de volumen o secuencia | 18 |
| 504 ## - NOTA DE BIBLIOGRAFÍA, ETC. | |
| Nota de bibliografía, etc. | Bibligrafía: p. [437]-460. |
| 651 #4 - PUNTO DE ACCESO ADICIONAL DE MATERIA--NOMBRE GEOGRÁFICO | |
| Nombre geográfico | Marruecos- |
| Subdivisión general | Política exterior. |
| 9 (RLIN) | 160262 |
| 830 0# - PUNTO DE ACCESO ADICIONAL DE SERIE-TÍTULO UNIFORME | |
| Título uniforme | El Magreb ; |
| Designación de volumen o secuencia | 18 |
| 9 (RLIN) | 179117 |
| 852 ## - LOCALIZACIÓN | |
| Ubicación | ES-MaACL |
| Número de control de estantería | L-21061 |
| Estatus retirado | Estado de pérdida | Estado de daño | No para préstamo | Biblioteca de origen | Biblioteca actual | Ubicación en estantería | Fecha de adquisición | Fuente de adquisición | Total de préstamos | Signatura topográfica completa | Código de barras | Visto por última vez | Precio de reemplazo | Tipo de ítem Koha |
|---|---|---|---|---|---|---|---|---|---|---|---|---|---|---|
| Biblioteca del Ateneo de Madrid | Biblioteca del Ateneo de Madrid | Depósito 2 | 17/01/2008 | L-21061 | 1013898 | 23/02/2023 | 23/02/2023 | Libro impreso |
